A Desaposentaȯ̂ sob a Ótica do Direito Atual

Bibliographic Details
Main Author: Raposo Sime̳s, Odair
Format: eBook
Language:Portuguese
Published: San Pablo: Editora NELPA, 2013
Subjects:
Online Access:Acceso restringido

MARC

LEADER 00000nam a22000007a 4500
005 20150408231040.0
007 cr|||| ||||
008 150408s2013 br |||||s|||| 00||0 por d
020 |a 978-85-8020-314-1 
035 |a 12663 
040 |a vLex 
090 |c 5401  |d 5401 
100 1 |a Raposo Sime̳s, Odair 
245 1 2 |a A Desaposentaȯ̂ sob a Ótica do Direito Atual  |h [Recurso electrn̤ico] /  |c Odair Raposo Sime̳s 
256 |a Servicio en ln̕ea 
260 |a San Pablo:  |b Editora NELPA,  |c 2013 
300 |a 1 recurso electrn̤ico 
506 1 |a Disponible solo en los productos indicados  |d vLex Global  |d vLex Global (Academic Edition, excluding Law Schools)  |d vLex Global (U.S. Academic Edition, Law Schools)  |d vLex Global (U.S. Academic Edition, excluding Law Schools)  |d vLex Global (Academic Edition, Law Schools) 
650 0 4 |a Derecho Civil  |z Brasil 
650 0 4 |a Derecho Pb︢lico y Administrativo  |z Brasil 
740 0 |a vLex Libros (Servicio en ln̕ea) 
856 4 0 |u http://vlex.com/source/desaposenta-o-sob-a-otica-do-direito-atual-12663  |z Acceso restringido 
942 |c BOOK 
999 0 |a Civil Law 
999 0 |a Public and Administrative Law